Propuesta para la elaboración de papel a partir de bagazo de agave /
Na minha lista:
| Autor principal: | |
|---|---|
| Outros Autores: | |
| Formato: | Tesis Livro |
| Idioma: | espanhol |
| Assuntos: | |
| Tags: |
Sem tags, seja o primeiro a adicionar uma tag!
|
MARC
| LEADER | 00000nam^a2200000^a^4500 | ||
|---|---|---|---|
| 001 | 000185350 | ||
| 005 | 20250521000000.0 | ||
| 009 | 20260310102148.03 | ||
| 037 | |a Acervo ITESO - Biblioteca | ||
| 041 | |a ESP | ||
| 090 | |a DIS. 98 | ||
| 100 | |a Neri Gutiérrez, Cinthia Alejandra |e (autor) | ||
| 245 | 1 | 0 | |a Propuesta para la elaboración de papel a partir de bagazo de agave / |c C.A. Neri Gutiérrez, T. Cárdenas Barragán. |
| 264 | |a Guadalajara, México : |b edición de autor, |c 2006 | ||
| 300 | |a 1 disco compacto de computadora | ||
| 336 | |a datos para computadora |b cod |2 rdacontenido | ||
| 337 | |a computadora |b c |2 rdamedio | ||
| 338 | |a disco de computadora |b cd |2 rdasoporte | ||
| 502 | |a ITESO Tesis de Licenciatura en Diseño | ||
| 649 | |a XX | ||
| 650 | |a Industria del Papel - |z Jalisco | ||
| 650 | |a Industria del Papel - |z México | ||
| 650 | |a Industria Manufacturera - |z Jalisco | ||
| 650 | |a Industria Manufacturera - |z México | ||
| 650 | |a Fibras | ||
| 650 | |a Maguey - |x Industria y Comercio | ||
| 650 | |a Tequila (Bebida) - |x Industria y Comercio | ||
| 650 | |a Desechos - |x Tratamiento y Reciclaje | ||
| 650 | |a Papel - |x Aspectos Tecnológicos | ||
| 650 | |a Diseño del Producto | ||
| 650 | |a Diseño Industrial | ||
| 650 | |a Ingeniería Industrial | ||
| 700 | |a Cárdenas Barragán, Thelma |e (autor) | ||
| 910 | |a Fondo General | ||
| 920 | |a Electrónicos - Tesis del ITESO en Disco | ||
| 905 | |a 202 | ||
| 901 | |a 0500126955 |b IT2 |c STS |u 20250521 | ||
| 902 | |a https://opac.biblio.iteso.mx/vufind/Record/000185350 | ||